[Event "Budva zt"]
[Site "Budva"]
[Date "1981.??.??"]
[Round "13"]
[White "Mariotti, Sergio"]
[Black "Cebalo, Miso"]
[Result "1/2-1/2"]
[WhiteElo "2475"]
[BlackElo "2500"]

1.e4 c5 2.Nf3 e6 3.d4 cxd4 4.Nxd4 a6 5.Nc3 Qc7 6.Be2 b5 7.O-O Bb7 8.Re1 Nc6
9.Nxc6 dxc6 10.e5 Rd8 11.Bd3 c5 12.Qe2 Ne7 13.Bf4 Ng6 14.Bg3 Be7 15.a4  1/2-1/2

[Event "Caorle op"]
[Site "Caorle"]
[Date "1981.??.??"]
[Round "7"]
[White "Barlov, Dragan"]
[Black "Triller, R."]
[Result "1-0"]
[WhiteElo "2405"]
[BlackElo "2210"]

1.e4 c5 2.Nf3 e6 3.Nc3 a6 4.d4 cxd4 5.Nxd4 b5 6.Bd3 Bb7 7.O-O d6 8.a4 b4
9.Na2 Nf6 10.Qe1 d5 11.e5 Nfd7 12.Kh1 Qb6 13.Nb3 Nc6 14.f4 Be7 15.Be3 Qc7
16.Bd2 a5 17.c3 bxc3 18.Nxc3 Ba6 19.Nb5 Bxb5 20.Bxb5 Nb4 21.Rc1 Qd8 22.f5 O-O
23.Nd4 Nc5 24.f6 gxf6 25.Bxb4 axb4 26.Nc6 Qc7 27.Nxe7+ Qxe7 28.Qg3+ Kh8 29.exf6  1-0

[Event "Caorle op"]
[Site "Caorle"]
[Date "1981.??.??"]
[Round "8"]
[White "Bastijanic, D."]
[Black "Meo, Sandro"]
[Result "0-1"]
[WhiteElo "2000"]
[BlackElo "2185"]

1.e4 c5 2.Nf3 e6 3.d4 cxd4 4.Nxd4 a6 5.Nc3 Qc7 6.Bd3 Nf6 7.O-O b5 8.Re1 h5
9.h3 b4 10.e5 bxc3 11.exf6 Bb7 12.Nxe6 fxe6 13.Bg6+ Kd8 14.Rxe6 Qc4 15.Bf7 Kc7
16.Re7 Qh4 17.g3 Qxf6 18.Bf4+ Qxf4 19.gxf4 Bxe7 20.bxc3 h4 21.Rb1 Rh6 22.Qd4 Rd6
23.Qxg7 Nc6 24.c4 Bf6 25.Qg4 Ne7 26.Qh5 Bc6 27.Qa5+ Kc8 28.c5 Rd4 29.c4 Rxf4
30.Qb6 Bd4 31.Kf1 Rxf2+ 32.Ke1 Rxf7  0-1

[Event "Politiken Cup"]
[Site "Copenhagen"]
[Date "1981.??.??"]
[Round "3"]
[White "Bjerring, Kai"]
[Black "Jakobsen, Ole"]
[Result "1/2-1/2"]
[WhiteElo "2325"]
[BlackElo "2415"]

1.e4 c5 2.Nf3 e6 3.Nc3 a6 4.d4 cxd4 5.Nxd4 Qc7 6.Be3 b5 7.Bd3 Bb7 8.O-O Nf6
9.a3 Nc6 10.Qe2 Be7 11.h3 Rc8 12.f4 d6 13.Nf3 Nd7 14.f5 O-O 15.Ng5 Bxg5 16.Bxg5 Nce5
17.f6  1/2-1/2

[Event "Politiken Cup"]
[Site "Copenhagen"]
[Date "1981.??.??"]
[Round "8"]
[White "Moe, Mogens"]
[Black "Carlsson, Mats"]
[Result "1-0"]
[WhiteElo "2350"]
[BlackElo "2255"]

1.e4 c5 2.Nf3 e6 3.d4 cxd4 4.Nxd4 a6 5.Nc3 Qc7 6.Bd3 Nc6 7.Nb3 b5 8.O-O Nf6
9.f4 d6 10.Qf3 Bb7 11.Bd2 Be7 12.Rae1 O-O-O 13.a4 b4 14.Nd5 Nxd5 15.exd5 Nb8
16.Qf2 Bxd5 17.Bxb4 Rdg8 18.Na5 Bh4 19.Qxh4 Qb6+ 20.Qf2 Qxb4 21.Nb3 g5 22.f5 e5
23.f6 g4 24.Re3 g3 25.hxg3 h5 26.c4 Bc6 27.Bf5+ Kb7 28.c5 h4 29.g4 h3 30.gxh3 dxc5
31.Nxc5+ Ka8 32.Nd3 Qd4 33.Nxe5 Bb7 34.Rfe1 Rg5 35.Rb3  1-0

[Event "Politiken Cup"]
[Site "Copenhagen"]
[Date "1981.??.??"]
[Round "9"]
[White "Wedberg, Tom"]
[Black "Velikov, Petar"]
[Result "1/2-1/2"]
[WhiteElo "2420"]
[BlackElo "2445"]

1.e4 c5 2.Nf3 e6 3.d4 cxd4 4.Nxd4 a6 5.Nc3 Qc7 6.g3 Nc6 7.Bg2 d6 8.O-O Nf6
9.Re1 Bd7 10.Nxc6 Bxc6 11.a4 Be7 12.a5 O-O 13.Be3 Nd7 14.Na4 Rae8 15.Nb6 f5
16.Nxd7 Qxd7 17.Qd3 fxe4 18.Bxe4 Bxe4 19.Qxe4 Bf6 20.Bd4 d5 21.Qd3 Rc8 22.Bxf6 Rxf6
23.Re2 Rc5 24.b4 Rc4 25.c3 Qc6 26.Re3 h6 27.Rae1 Qd7 28.Re4 Rxe4 29.Rxe4 Qf7
30.Re2 Qc7 31.Qd4 Qc6 32.Re3 Qd6 33.Kg2 Rf7 34.Qe5 Qxe5 35.Rxe5 Rf6 36.Kf1 Kf8
37.c4 dxc4 38.Rc5 Rf7 39.Rxc4 Rd7 40.Ke2 Ke7 41.Ke3 Kf6 42.h4 Rd5 43.Rd4 Rb5
44.Kd3 e5 45.Re4 h5 46.Rc4 Rd5+ 47.Ke3 Rd7 48.f3 g6 49.g4 hxg4 50.Rxg4 Rc7
51.f4 Rc3+ 52.Kd2 Rc6 53.fxe5+ Kxe5 54.Kd3 Rd6+ 55.Kc4 Rc6+ 56.Kd3 Rd6+ 57.Kc4 Rc6+
58.Kb3 Rf6 59.Rg5+ Kd6  1/2-1/2

[Event "Politiken Cup"]
[Site "Copenhagen"]
[Date "1981.??.??"]
[Round "10"]
[White "Hansson, Dan"]
[Black "Nykopp, Jan Michael F"]
[Result "0-1"]
[WhiteElo "2330"]
[BlackElo "2260"]

1.e4 c5 2.Nf3 e6 3.d4 cxd4 4.Nxd4 a6 5.Nc3 Qc7 6.Be2 Nf6 7.O-O Be7 8.f4 d6
9.a4 Nc6 10.Be3 O-O 11.Nb3 b6 12.Bf3 Bb7 13.g4 d5 14.exd5 Rad8 15.Qe2 Nxd5
16.Nxd5 exd5 17.c3 Rfe8 18.Qf2 Bh4 19.Qd2 d4 20.Bxd4 Nxd4 21.Nxd4 Bxf3 22.Rxf3 Bf6
23.Rd3 Re4 24.Ne2 Rde8 25.Ng3 Rxf4 26.h3 Bg5 27.Qg2 g6 28.Rd5 Bh4 29.Rad1 Bxg3
30.Qxg3 Rf1+ 31.Kg2 Re2+ 32.Kxf1 Qxg3 33.Kxe2 Qxh3 34.g5 Qg2+ 35.Ke3 Qxb2
36.R1d3 Qc1+ 37.Ke4 Qc2 38.Ke5 Kg7 39.Rd6 Qxa4 40.Rd7 Qg4 41.Kd6 Qxg5 42.Kc7 Qc5+
43.Kb7 b5  0-1

[Event "DDR-ch 30th"]
[Site "Fuerstenwalde"]
[Date "1981.??.??"]
[Round "3"]
[White "Pachow, Joerg"]
[Black "Heinig, Wolfram"]
[Result "1/2-1/2"]
[WhiteElo "2235"]
[BlackElo "2365"]

1.e4 c5 2.Nf3 e6 3.d4 cxd4 4.Nxd4 a6 5.Nc3 Qc7 6.Be2 b5 7.O-O Bb7 8.Re1 Nf6
9.Bf3 d6 10.Bg5 Nbd7 11.Bh5 g6 12.Nd5 exd5 13.exd5+ Be7 14.Rxe7+ Kxe7 15.Qf3 Rhe8
16.Nc6+ Kf8 17.Bxf6 gxh5 18.Qxh5 Re4 19.Qh6+ Ke8 20.f3 Nxf6 21.Qxf6 Re2 22.Kf1 Re5
23.Nxe5 dxe5 24.Re1 Qc4+ 25.Re2 Bxd5 26.Qxe5+ Kd7 27.b3 Qc5 28.Qf5+ Kc6 29.Qxh7 Rd8
30.Qh6+ Be6 31.Qc1 Qd4 32.c3 Qd1+ 33.Qxd1 Rxd1+ 34.Kf2 Rc1 35.Re3 Rc2+ 36.Re2 Rxc3
37.h4 Rd3 38.h5 Rd8 39.g4 Rh8 40.Kg3 a5 41.Kh4 Bd5 42.f4 b4 43.f5 f6 44.g5 fxg5+
45.Kxg5 Kd6 46.h6  1/2-1/2

[Event "Buna-Turnier"]
[Site "Halle"]
[Date "1981.??.??"]
[Round "4"]
[White "Vogt, Lothar"]
[Black "Suetin, Alexey S"]
[Result "1/2-1/2"]
[WhiteElo "2450"]
[BlackElo "2445"]

1.e4 c5 2.Nf3 e6 3.d4 cxd4 4.Nxd4 a6 5.Nc3 Qc7 6.g3 Nf6 7.Bg2 Be7 8.O-O O-O
9.Re1 d6 10.Be3 Nbd7 11.Qe2 Ne5 12.Rad1 Bd7 13.h3 Rac8 14.Kh2 Nc4 15.Bc1 g6
16.b3 Nb6 17.Bb2 e5 18.Nf3 Bc6 19.a4 Nbd7 20.Nd2 Nc5 21.Nd5 Bxd5 22.exd5 Nfd7
23.f4 Bf6 24.f5 Bg7 25.Nc4 b5 26.axb5 axb5 27.Ne3 Rb8 28.Rf1 Nf6 29.Ng4 Ncd7
30.Rf2 Nxg4+ 31.Qxg4 Nf6 32.Qe2 Qa5 33.Bc1 Rfe8 34.Bg5 Nd7 35.Be4 Qc7 36.f6 Bh8
37.Qd2 Nc5 38.Re1 Rec8 39.Bg2 Qd8 40.h4 Rc7 41.h5 Ra8 42.hxg6 hxg6 43.Qb4 Ra2
44.Re3 e4 45.Bxe4 Qc8 46.Ree2 Qg4 47.Bf4 Qh5+ 48.Kg2 Ra1 49.Re1  1/2-1/2

[Event "Hamburg op"]
[Site "Hamburg"]
[Date "1981.??.??"]
[Round "5"]
[White "Budde, Vladimir"]
[Black "Velikov, Petar"]
[Result "1/2-1/2"]
[WhiteElo "2355"]
[BlackElo "2460"]

1.e4 c5 2.Nf3 e6 3.d4 cxd4 4.Nxd4 a6 5.Nc3 Qc7 6.Be2 b5 7.f4 b4 8.Nb1 Bb7
9.Bf3 Nc6 10.Nxc6 Bxc6 11.O-O Nf6 12.Qe1 Bc5+ 13.Kh1 O-O 14.c4 bxc3 15.Nxc3 d5
16.f5 dxe4 17.Bxe4 Bxe4 18.Nxe4 Nxe4 19.Qxe4 exf5 20.Qxf5 Bd4 21.Bf4 Qc8
22.Qd5 Bxb2 23.Rab1 Bf6 24.Rb7 Qe6 25.Qxe6 fxe6 26.g3 e5 27.Be3 Rfc8 28.g4 e4
29.g5 Be5 30.Rb4 Rc2 31.Rf2 Rxf2 32.Bxf2 Bf4 33.Rxe4 Bxg5 34.a4 Kf7 35.Kg2 Rd8
36.Rc4 Rd6 37.Bg3 Re6 38.Kf3 Bd2 39.Rc7+ Kg6 40.Rd7 Bc3 41.Bc7 h5 42.a5 Kf5
43.h4 Bf6 44.Bb6 Rc6 45.Ra7 Rc3+ 46.Ke2 Rc4 47.Rxa6 Rxh4 48.Ra8 Bd4 49.Rh8 Kg6
50.Bc7 Rh3 51.Rd8 Ba7 52.Rd3 Rh4 53.Kf3 Ra4 54.Rd6+ Kh7 55.Rd5 h4 56.Bd8 Kh6
57.Bg5+ Kg6 58.Bf4 Bd4 59.Rd6+ Kf7 60.Rd5 Bc3 61.Rh5 Be1 62.Bc7 g6 63.Rh7+ Kg8
64.Re7 Bxa5 65.Re8+ Kf7 66.Ra8 Ra3+ 67.Kg4 h3 68.Bg3  1/2-1/2

[Event "Hamburg op"]
[Site "Hamburg"]
[Date "1981.??.??"]
[Round "10"]
[White "Kunsztowicz, Uwe"]
[Black "Marian, R."]
[Result "0-1"]
[WhiteElo "2365"]
[BlackElo "2250"]

1.Nf3 c5 2.e4 e6 3.d4 cxd4 4.Nxd4 a6 5.Nc3 b5 6.Bd3 Bb7 7.O-O Nc6 8.Nb3 Nf6
9.f4 b4 10.Na4 d6 11.Be3 Be7 12.Qf3 O-O 13.Qh3 e5 14.f5 Nd7 15.Rf3 Nd4 16.Nxd4 exd4
17.Bxd4 Bf6 18.c3 Bc6 19.Bc2 Qa5 20.b3 Bxa4 21.bxa4 Rac8 22.Bf2 Rxc3 23.Rxc3 Bxc3
24.Rd1 Be5 25.Bb3 Nf6 26.Qf3 Rc8 27.Qe2 h6 28.h3 Rc6 29.Qd3 Qc7 30.Bd5 Nxd5
31.exd5 Rc1 32.Qf1 Rc2 33.Qxa6 Rxa2 34.Qc6 Qxc6 35.dxc6 Rc2 36.Bd4 Rxc6 37.Bxe5 dxe5
38.Rd8+ Kh7 39.Rb8 Rc4 40.a5 Rc5 41.Rxb4 Rxa5 42.Rb7 f6 43.Kf2 Ra3 44.Re7 h5
45.h4 Ra2+ 46.Kf3 Ra3+ 47.Kf2 Kh6 48.Re6 Ra7 49.Kf3 Rb7 50.g3 Rf7 51.Re8 Kh7
52.Ke4 Ra7 53.Kf3 g6 54.fxg6+ Kxg6 55.Rg8+ Kf5 56.Rh8 Ra3+ 57.Kf2 e4 58.Rxh5+ Kg4
59.Rh6 Rf3+ 60.Ke2 Kxg3 61.h5 f5 62.Ra6 Kf4 63.h6 Rh3 64.Kf2 Kg5 65.Ra8 Rxh6
66.Kg3 f4+ 67.Kg2 Rg6 68.Re8 Kf5+ 69.Kf2 e3+ 70.Kf1 Ra6 71.Kg2 Ra2+ 72.Kh3 e2
73.Rf8+ Ke4 74.Kg4 Ke3  0-1

[Event "Hradec Kralove"]
[Site "Hradec Kralove"]
[Date "1981.??.??"]
[Round "4"]
[White "Jansa, Vlastimil"]
[Black "Stefanov, Parik"]
[Result "0-1"]
[WhiteElo "2480"]
[BlackElo "2420"]

1.e4 c5 2.Nf3 e6 3.Nc3 a6 4.d4 cxd4 5.Nxd4 Qc7 6.Be2 Nc6 7.O-O Nf6 8.Be3 Be7
9.f4 d6 10.a4 O-O 11.Kh1 Re8 12.Bf3 Nxd4 13.Qxd4 e5 14.Qd2 exf4 15.Bxf4 Be6
16.Rfd1 Red8 17.a5 b5 18.axb6 Qxb6 19.Be3 Qc7 20.Qe2 Rab8 21.Bd4 Bc4 22.Qf2 a5
23.Qg3 g6 24.e5 Nd7 25.exd6 Bxd6 26.Qh4 Re8 27.Ne4 Be7 28.Qh6 Bf8 29.Qg5 Re6
30.b3 Be2 31.Bxe2 Rxe4 32.Bc4 Nc5 33.Qf6 Rxd4 34.Qxd4 Bg7 35.Bxf7+ Kxf7 36.Qd5+ Ne6
37.Rf1+ Bf6 38.Qf3 Qe5 39.Rae1 Qg5 40.Qd5 Re8 41.Qxa5 Kg7 42.Qd5 Qxd5 43.Rd1 Qc6  0-1

[Event "Hradec Kralove"]
[Site "Hradec Kralove"]
[Date "1981.??.??"]
[Round "13"]
[White "Dolmatov, Sergey"]
[Black "Stefanov, Parik"]
[Result "1/2-1/2"]
[WhiteElo "2575"]
[BlackElo "2420"]

1.e4 c5 2.Nf3 e6 3.d4 cxd4 4.Nxd4 a6 5.Nc3 Qc7 6.Be2 Nc6 7.O-O Nf6 8.Be3 Be7
9.f4 d6 10.Bf3 O-O 11.Nxc6 bxc6 12.Na4 e5 13.c4 Rb8 14.Qc2 Bg4 15.f5 Qb7
16.Bg5 Bxf3 17.Rxf3 d5 18.Bxf6 Bxf6 19.Rd1 Rfd8 20.Rfd3 dxe4 21.Rxd8+ Rxd8
22.Rxd8+ Bxd8 23.Qxe4 Bc7 24.Kf1 h6 25.Ke2 Qb4 26.b3 Qa3 27.Qc2 Ba5 28.Ke3  1/2-1/2

[Event "DDR-ch U18"]
[Site "Ilmenau"]
[Date "1981.??.??"]
[Round "?"]
[White "Hein, Carsten"]
[Black "Tenner, Frank"]
[Result "0-1"]
[WhiteElo "2200"]
[BlackElo "2200"]

1.e4 c5 2.Nf3 e6 3.d4 cxd4 4.Nxd4 a6 5.Nc3 Qc7 6.Be2 Nf6 7.O-O Nc6 8.Kh1 Nxd4
9.Qxd4 Bc5 10.Qd3 h5 11.f3 b5 12.Be3 Bb7 13.Rad1 Rd8 14.a3 h4 15.b4 Be7 16.a4 Bxb4
17.Na2 Bc5 18.axb5 axb5 19.Nc3 Qb6 20.Bxc5 Qxc5 21.Nxb5 Nh5 22.Qd4 Ng3+  0-1

[Event "Keszthely"]
[Site "Keszthely"]
[Date "1981.??.??"]
[Round "7"]
[White "Horvath, Tamas"]
[Black "Horvath, Gyula"]
[Result "1/2-1/2"]
[WhiteElo "2410"]
[BlackElo "2310"]

1.e4 c5 2.Nf3 e6 3.d4 cxd4 4.Nxd4 a6 5.Nc3 Qc7 6.Be2 Nc6 7.O-O Nf6 8.Be3 Bb4
9.Na4 O-O 10.Nxc6 bxc6 11.Nb6 Rb8 12.Nxc8 Rfxc8 13.Bxa6 Rd8 14.Bd3 Bd6 15.Kh1 Be5
16.c3 Rxb2 17.Qc1 Ng4 18.f4 Nxe3 19.Qxb2 Bxf4 20.Qf2 Nxf1 21.Rxf1 g5 22.g3 Qd6
23.Be2 Be5 24.Qxf7+ Kh8 25.Rd1 Qc7 26.Bg4 d5 27.Qxe6 Bxc3 28.exd5 cxd5  1/2-1/2

[Event "Keszthely"]
[Site "Keszthely"]
[Date "1981.??.??"]
[Round "11"]
[White "Horvath, Tamas"]
[Black "Banas, Jan"]
[Result "0-1"]
[WhiteElo "2410"]
[BlackElo "2375"]

1.e4 c5 2.Nf3 e6 3.d4 cxd4 4.Nxd4 a6 5.Nc3 Qc7 6.Be2 Nc6 7.O-O Nf6 8.Be3 Be7
9.f4 d6 10.Qe1 O-O 11.Kh1 Na5 12.Rd1 Nc4 13.Bc1 b5 14.a3 Bb7 15.b3 Nb6 16.Bd3 Nbd7
17.b4 Rfd8 18.Rf3 Nf8 19.Rh3 Rac8 20.Bb2 Ng6 21.Qg3 d5 22.e5 Ne4 23.Bxe4 dxe4
24.Qe3 Qc4 25.Nce2 Qa2 26.Qc1 Qd5 27.Re3 f6 28.exf6 Bxf6 29.Rf1 Rf8 30.Qa1 e5
31.fxe5 Bxe5 32.Nf5 Bxb2  0-1

[Event "NOR-ch"]
[Site "Kirkenes"]
[Date "1981.??.??"]
[Round "?"]
[White "Hoen, Ragnar"]
[Black "Helmers, Knut J"]
[Result "1/2-1/2"]
[WhiteElo "2355"]
[BlackElo "2415"]

1.e4 c5 2.Nf3 e6 3.d4 cxd4 4.Nxd4 a6 5.Nc3 Qc7 6.g3 Bb4 7.Ne2 Nf6 8.Bg2 Be7
9.O-O O-O 10.Nf4 d6 11.Nd3 Nc6 12.a4 Rb8 13.f4 b5 14.axb5 axb5 15.Kh1 b4
16.Ne2 Bb7 17.Bd2 Ra8 18.b3 Rxa1 19.Qxa1  1/2-1/2

[Event "BKL-Turnier"]
[Site "Leipzig"]
[Date "1981.??.??"]
[Round "1"]
[White "Schurade, Matthias"]
[Black "Heinig, Wolfram"]
[Result "1/2-1/2"]
[WhiteElo "2360"]
[BlackElo "2365"]

1.e4 c5 2.Nf3 e6 3.d4 cxd4 4.Nxd4 a6 5.Nc3 Qc7 6.g3 Nf6 7.Bg2 Be7 8.O-O O-O
9.g4 d5 10.exd5 Rd8 11.dxe6 Nc6 12.Nxc6 Rxd1 13.Nxe7+ Qxe7 14.exf7+ Qxf7
15.Rxd1 Bxg4 16.Rd3 Bf5 17.Rf3 Qh5 18.Be3 Rd8 19.h3 b5 20.Rg3 h6 21.Re1 Bxc2
22.a3 Re8 23.Rc1 Bf5 24.Bd4 Qh4 25.Bxf6 Qxf6 26.Nd5 Qxb2 27.Rc7 Re1+ 28.Kh2 Kh8
29.Rb7 g5 30.Rc3 Qxf2 31.Rb6 Be4 32.Rc8+ Kg7 33.Rc7+ Qf7 34.Rxf7+ Kxf7 35.Rf6+ Kg7
36.Re6 Bxg2 37.Rxe1 Bxd5 38.Re7+ Kg6 39.Ra7 Kf5 40.Rxa6 h5 41.Rb6 Bc4 42.Rc6  1/2-1/2

[Event "Lvov"]
[Site "Lvov"]
[Date "1981.??.??"]
[Round "13"]
[White "Romanishin, Oleg M"]
[Black "Dorfman, Josif D"]
[Result "1-0"]
[WhiteElo "2595"]
[BlackElo "2505"]

1.e4 c5 2.Nf3 e6 3.d4 cxd4 4.Nxd4 a6 5.Nc3 d6 6.Be2 Be7 7.O-O Nf6 8.Kh1 Nc6
9.f4 O-O 10.Nxc6 bxc6 11.e5 Ne8 12.Be3 Qc7 13.Na4 dxe5 14.Bb6 Qb8 15.Bg1 Qc7
16.Bb6 Qb8 17.Bf2 Qb4 18.Nb6 Rb8 19.fxe5 Rxb6 20.a3 Qa5 21.b4 Qxe5 22.Bxb6 c5
23.Bxc5 Bxc5 24.bxc5 Qxc5 25.Bf3 Nf6 26.Qd2 e5 27.Rfe1 Re8 28.Qb4 Qxc2 29.Rac1 Qf5
30.Bc6 Bd7 31.Rf1 Qe6 32.Qa4 Bxc6 33.Rxc6 Qe7 34.Rxa6 h5 35.Ra7 Qf8 36.h3 e4
37.Qd4 e3 38.Re1 e2 39.Qb4 Qxb4 40.axb4 h4  1-0

[Event "Moscow-4teams"]
[Site "Moscow"]
[Date "1981.??.??"]
[Round "?"]
[White "Kupreichik, Viktor D"]
[Black "Kochyev, Alexander"]
[Result "1-0"]
[WhiteElo "2575"]
[BlackElo "2540"]

1.e4 c5 2.Nf3 e6 3.d4 cxd4 4.Nxd4 a6 5.Nc3 Qc7 6.Bd3 Nc6 7.Be3 Nf6 8.Qe2 Bd6
9.O-O-O Be5 10.Nxc6 bxc6 11.Na4 Rb8 12.b3 Rb4 13.Bd2 Rxa4 14.bxa4 Qd6 15.c3 O-O
16.Kb1 Bb7 17.g3 Rb8 18.Ka1 Qa3 19.Qe1 c5 20.Rb1 Qxa4 21.f4 Bc7 22.c4 Qc6
23.Ba5 Bxa5 24.Qxa5 Qd6 25.Qc3 Nxe4 26.Bxe4 Bxe4 27.Rxb8+ Qxb8 28.Rd1 Qc7
29.Qe5 Qxe5+ 30.fxe5 Bc6 31.Rb1 f6 32.Rb6 a5 33.Rb5 a4 34.Rxc5 Kf7 35.Kb2 f5
36.Kc3 g5 37.Kd4 f4 38.gxf4 gxf4 39.Ra5 f3 40.Ke3 Kg6 41.Rb5 Kf5 42.Rb8 Kxe5
43.Rh8 Be4 44.a3 f2 45.Rf8 Bf5 46.Kxf2 Kd4 47.Rc8 e5 48.c5 e4 49.Re8 h5 50.Kg3 e3
51.Kf4 Bg4 52.Re4+ Kxc5 53.Kxe3 Kb5 54.h4 d5 55.Rb4+ Ka5 56.Kd4  1-0

[Event "Novi Sad"]
[Site "Novi Sad"]
[Date "1981.??.??"]
[Round "11"]
[White "Velickovic, Sasa"]
[Black "Popov, Luben"]
[Result "1/2-1/2"]
[WhiteElo "2420"]
[BlackElo "2465"]

1.e4 c5 2.Nf3 e6 3.d4 cxd4 4.Nxd4 a6 5.Nc3 Qc7 6.g3 Nf6 7.Bg2 Be7 8.O-O O-O
9.h3 d6 10.a4 Bd7  1/2-1/2

[Event "Viking"]
[Site "Oslo"]
[Date "1981.??.??"]
[Round "2"]
[White "Scheipl, Ralf"]
[Black "Sjoberg, Mats"]
[Result "0-1"]
[WhiteElo "2310"]
[BlackElo "2230"]

1.e4 c5 2.Nf3 e6 3.d4 cxd4 4.Nxd4 a6 5.Nc3 Qc7 6.g3 Nc6 7.Be3 Nf6 8.Bg2 Be7
9.Qe2 d6 10.O-O O-O 11.h3 Bd7 12.g4 d5 13.exd5 Nxd5 14.Nxd5 exd5 15.Bxd5 Qe5
16.Nxc6 bxc6 17.Bg2 Qxb2 18.Qd3 Be6 19.Bxc6 Rac8 20.Bd4 Qb8 21.Be4 h6 22.Rab1 Qd6
23.Rb6 Qd8 24.Rd1 Bf6 25.Bxf6 Qxb6 26.Bd4 Qa5 27.c3 Rfd8 28.Re1 Bc4 29.Qd2 Re8
30.Bf5 Rcd8 31.Bd7 Rxe1+ 32.Qxe1 Qd5 33.Bf5 Bb5 34.Be4 Qe6 35.Qb1 Re8 36.f3 Bc6
37.Bxc6 Qxc6 38.Kf2 Qc7 39.Qf5 Qh2+ 40.Kf1 Qe2+  0-1

[Event "Pamporovo"]
[Site "Pamporovo"]
[Date "1981.??.??"]
[Round "7"]
[White "Velickovic, Sasa"]
[Black "Velikov, Petar"]
[Result "1/2-1/2"]
[WhiteElo "2420"]
[BlackElo "2445"]

1.e4 c5 2.Nf3 e6 3.d4 cxd4 4.Nxd4 a6 5.Nc3 b5 6.Be2 Bb7 7.Bf3 d6 8.O-O Nd7
9.g3 Ngf6 10.Re1 Be7 11.a4 b4 12.Na2 Nc5 13.Nxb4 Rc8 14.e5 dxe5 15.Bxb7 Nxb7
16.Nbc6 Qc7 17.Nxe5 O-O 18.Qe2 Nc5 19.Qf3 Nd5 20.Bd2 Bf6 21.Qe2 Rfd8 22.Ndf3 Qb7
23.Ba5 Nb6 24.b3 Rd5 25.Rad1 Rcd8 26.Rxd5 Rxd5 27.Bxb6 Qxb6 28.Rd1 h5 29.Rxd5 exd5
30.Nd3 Ne6 31.h4 g6 32.Kg2 a5 33.Kh2 Kg7 34.Kg2 Qc7 35.Qd2 Bc3 36.Qe2 Bf6
37.Qd2 Bc3 38.Qe2  1/2-1/2

[Event "Porz"]
[Site "Porz"]
[Date "1981.??.??"]
[Round "?"]
[White "Van der Wiel, John TH"]
[Black "Gerusel, Mathias"]
[Result "0-1"]
[WhiteElo "2470"]
[BlackElo "2380"]

1.e4 c5 2.Nf3 e6 3.d4 cxd4 4.Nxd4 a6 5.Nc3 Qc7 6.f4 Nc6 7.Be3 Bb4 8.Nxc6 Qxc6
9.Qd4 Bxc3+ 10.bxc3 Nf6 11.Bd3 b5 12.O-O-O Bb7 13.Rde1 Rc8 14.Kb2 O-O 15.Bf2 d6
16.Bh4 e5 17.fxe5 dxe5 18.Qxe5 Nd7 19.Qd4 Nb6 20.Re3 Na4+ 21.Ka1 Nxc3 22.Rg3 g6
23.Re1 Qe6 24.Kb2 Qxa2+ 25.Kc1 f5 26.Qd6 Rc6 27.Qd7 fxe4 28.Rf3 exf3 29.Qxb7 Ne2+
30.Rxe2 Qa1+ 31.Kd2 Qc3+  0-1

[Event "Bohemians"]
[Site "Prague"]
[Date "1981.??.??"]
[Round "?"]
[White "Prandstetter, Eduard"]
[Black "Gruenberg, Hans Ulrich"]
[Result "1-0"]
[WhiteElo "2440"]
[BlackElo "2435"]

1.e4 c5 2.Nf3 e6 3.d4 cxd4 4.Nxd4 a6 5.Nc3 d6 6.Be2 Nf6 7.O-O Be7 8.f4 Qc7
9.Be3 O-O 10.Qe1 b5 11.Bf3 Bb7 12.e5 dxe5 13.fxe5 Ne8 14.Qg3 Nd7 15.Rad1 b4
16.Na4 Bxf3 17.Nxf3 Nc5 18.Nxc5 Bxc5 19.Bf2 Be7 20.Nd4 g6 21.Rc1 Bc5 22.c3 Qb6
23.Nb3 Bxf2+ 24.Qxf2 Qxf2+ 25.Rxf2 a5 26.Nc5 Ra7 27.Rd2 Nc7 28.Nd7 bxc3 29.Rxc3 Nd5
30.Nxf8 Nxc3 31.Rd8  1-0

[Event "Bohemians"]
[Site "Prague"]
[Date "1981.??.??"]
[Round "?"]
[White "Prandstetter, Eduard"]
[Black "Adamski, Jan"]
[Result "1/2-1/2"]
[WhiteElo "2440"]
[BlackElo "2430"]

1.e4 c5 2.Nf3 e6 3.d4 cxd4 4.Nxd4 a6 5.Nc3 d6 6.Be2 Nf6 7.f4 Be7 8.O-O O-O
9.Be3 Qc7 10.Qe1 b5 11.Bf3 Bb7 12.e5 dxe5 13.fxe5 Nfd7 14.Bxb7 Qxb7 15.Qg3 Bc5
16.Rae1 Nc6 17.Nf3 Bxe3+ 18.Rxe3 Qb6 19.Re1 Ne7 20.Qf2 Rac8 21.Rd1 Nf5 22.Re2 Qxf2+  1/2-1/2

[Event "Riga"]
[Site "Riga"]
[Date "1981.??.??"]
[Round "15"]
[White "Bielczyk, Jacek"]
[Black "Romanishin, Oleg M"]
[Result "0-1"]
[WhiteElo "2405"]
[BlackElo "2590"]

1.e4 c5 2.Nf3 e6 3.Nc3 a6 4.d4 cxd4 5.Nxd4 Nc6 6.g3 Qc7 7.Bg2 Nf6 8.O-O h6
9.Nxc6 dxc6 10.Be3 e5 11.Na4 Be6 12.Bb6 Qc8 13.Nc5 Be7 14.Qd2 O-O 15.Rad1 Re8
16.Qc3 Bh3 17.Rfe1 Bf8 18.a4 Nh7 19.Bh1 Ng5 20.f4 exf4 21.gxf4 Bxc5+ 22.Bxc5 Nxe4
23.Bxe4 Rxe4 24.Qg3 Bf5 25.Bd4 Qf8 26.Rxe4 Bxe4 27.Kf2 f6 28.Qb3+ Qf7 29.Qxf7+ Kxf7
30.Bc5 Ke6 31.c3 b5 32.a5 Bd5 33.Re1+ Kf5 34.Re7 g6 35.Ra7 Rxa7 36.Bxa7 Ke4
37.b4 Kxf4 38.Be3+ Ke4 39.Bxh6 Kd3 40.Bf8 Kxc3 41.h4 Kd4 42.Bd6 Ke4 43.Be7 f5
44.Kg3 Be6 45.Bd6 Bd7 46.Kf2 f4 47.Ke2 Be6 48.Kf2 Bc4 49.Kg2 Ke3 50.Kh3 Kf3
51.Be7 Be6+ 52.Kh2 Kg4 53.Kg2 c5 54.bxc5 b4 55.Kf2 b3 56.Bf6 Bd5 57.Ke2 Kg3  0-1

[Event "Santiago"]
[Site "Santiago"]
[Date "1981.??.??"]
[Round "11"]
[White "Van Riemsdijk, Herman C"]
[Black "Campos Moreno, Javier B"]
[Result "1-0"]
[WhiteElo "2390"]
[BlackElo "2410"]

1.e4 c5 2.Nf3 e6 3.d4 cxd4 4.Nxd4 a6 5.Nc3 Qc7 6.g3 Bb4 7.Ne2 Be7 8.Bg2 Nf6
9.Nf4 d6 10.g4 g5 11.Nd3 Rg8 12.h4 h6 13.hxg5 hxg5 14.Qf3 Nc6 15.Be3 Bd7
16.Rh6 d5 17.exd5 Nxd5 18.Nxd5 exd5 19.Qxd5 Be6 20.Rxe6 fxe6 21.Qxe6 Rg7
22.Nc5 Nd8 23.Qh6 Bf8 24.O-O-O Rc8 25.Be4 Re7 26.Qg6+ Nf7 27.Nxb7  1-0

[Event "Tallinn"]
[Site "Tallinn"]
[Date "1981.??.??"]
[Round "12"]
[White "Gipslis, Aivars"]
[Black "Vooremaa, Andres"]
[Result "1-0"]
[WhiteElo "2470"]
[BlackElo "2415"]

1.e4 c5 2.Nf3 e6 3.d4 cxd4 4.Nxd4 a6 5.Nc3 Qc7 6.g3 Nc6 7.Bg2 b5 8.O-O Bb7
9.Re1 Be7 10.Nxc6 Qxc6 11.Nd5 d6 12.Qg4 Kf8 13.Nxe7 Nxe7 14.Bd2 h5 15.Qd1 h4
16.Re3 hxg3 17.hxg3 a5 18.Rc3 Qd7 19.Bf4 Ra6 20.Rd3 Nc8 21.Qg4 f6 22.Rad1 Kf7
23.b3 Qe7 24.c4 bxc4 25.bxc4 g5 26.Bc1 Bc6 27.Ba3 Ba4 28.Rc1 Kg6 29.e5 f5
30.Qe2 Kf7 31.Re1 Qf8 32.exd6 Bd7 33.Rb3 Ra7 34.Qe5  1-0

[Event "Tirnava"]
[Site "Trnava"]
[Date "1981.??.??"]
[Round "5"]
[White "Horvath, Tamas"]
[Black "Heinig, Wolfram"]
[Result "0-1"]
[WhiteElo "2410"]
[BlackElo "2365"]

1.e4 c5 2.Nf3 e6 3.d4 cxd4 4.Nxd4 a6 5.Nc3 Qc7 6.Be2 b5 7.O-O Bb7 8.Re1 Nf6
9.Bf3 d6 10.Bf4 e5 11.Nd5 Nxd5 12.exd5 Be7 13.Nf5 Bf6 14.Qd2 O-O 15.Bg5 Bxg5
16.Qxg5 f6 17.Qd2 g6 18.Nh6+ Kh8 19.h4 f5 20.Qg5 Qg7 21.c4 bxc4 22.Rac1 e4
23.Bxe4 fxe4 24.Rxe4 Bxd5 25.Re7 Qf6 26.Rd1 Nc6 27.Rc7 Qxf2+ 28.Kh2 Rf4  0-1

[Event "Amsterdam"]
[Site "Amsterdam"]
[Date "1982.??.??"]
[Round "9"]
[White "Iskov, Gert"]
[Black "Meulders, Richard"]
[Result "1-0"]
[WhiteElo "2345"]
[BlackElo "2350"]

1.e4 c5 2.Nf3 e6 3.d4 cxd4 4.Nxd4 a6 5.Nc3 Qc7 6.g3 Bb4 7.Bd2 Nf6 8.Bg2 Be7
9.O-O d6 10.Re1 O-O 11.a4 Bd7 12.a5 Nc6 13.Nxc6 Bxc6 14.Na4 Bxa4 15.Rxa4 Rac8
16.Bc3 Nd7 17.Rb4 e5 18.Ra4 Qc6 19.Ra1 Nc5 20.Bd2 Ne6 21.c3 Bg5 22.Bxg5 Nxg5
23.Ra4 Rb8 24.Rb4 b5 25.axb6 Rxb6 26.Qd5 Ne6 27.Qxc6 Rxc6 28.Ra1 Nc7 29.Ra5 Rd8
30.Bf1 Kf8 31.Bc4 g6 32.Bb3 h6 33.Rb7 Rc8 34.Kf1 h5 35.h4 Ne6 36.Bd5 Rc5
37.Rxa6 Nd8 38.Rd7 Rb5 39.b3 Ne6 40.Raa7 Nd8 41.Bxf7 Nc6 42.Rac7  1-0

[Event "Baile Herculane zt"]
[Site "Baile Herculane"]
[Date "1982.??.??"]
[Round "11"]
[White "Pavlov, Mircea"]
[Black "Velikov, Petar"]
[Result "1/2-1/2"]
[WhiteElo "2405"]
[BlackElo "2470"]

1.e4 c5 2.Nf3 e6 3.d4 cxd4 4.Nxd4 a6 5.Nc3 Qc7 6.Be2 b5 7.Bf3 Bb7 8.O-O Nc6
9.Nxc6 dxc6 10.a4 Bd6 11.axb5 cxb5 12.e5 Bxe5 13.Nxb5 axb5 14.Rxa8+ Bxa8
15.Bxa8 Bxh2+ 16.Kh1 Bd6 17.Qh5 Qc5 18.Qxc5 Bxc5 19.Bc6+ Ke7 20.Bxb5 Nf6
21.g3 Rb8 22.Bd3 Bd4 23.b3 Nd5 24.Bd2 Nb4 25.Bxb4+  1/2-1/2

[Event "Baile Herculane zt"]
[Site "Baile Herculane"]
[Date "1982.??.??"]
[Round "15"]
[White "Pavlov, Mircea"]
[Black "Gheorghiu, Florin"]
[Result "0-1"]
[WhiteElo "2405"]
[BlackElo "2550"]

1.e4 c5 2.Nf3 e6 3.d4 cxd4 4.Nxd4 a6 5.Nc3 Qc7 6.g3 Nf6 7.Bg2 Be7 8.O-O O-O
9.f4 d6 10.Re1 Rd8 11.Be3 Nc6 12.Qe2 Bd7 13.h3 b5 14.Qf2 Rab8 15.g4 Nxd4
16.Bxd4 b4 17.e5 Nxg4 18.hxg4 bxc3 19.Bxc3 Bc6 20.Rad1 Bxg2 21.Kxg2 Rbc8
22.exd6 Bxd6 23.Rf1 Bb4 24.Rxd8+ Rxd8 25.Bxb4 Qb7+ 26.Qf3 Qxb4 27.b3 h6 28.f5 Rd4
29.fxe6 Rxg4+ 30.Kh3 Rh4+ 31.Kg3 fxe6 32.Qf7+ Kh7 33.Qxe6 Rh5 34.Rf4 Qc3+
35.Rf3 Qxc2 36.Rf2 Rg5+  0-1